000 01169 a2200265 4500
999 _c5181
_d5181
003 OSt
005 20220405071410.0
008 220405b ||||| |||| 00| 0 eng d
020 _a0727916351
040 _cALUPE UNIVERSITY
050 4 _aRG500
_b.F39 2001
100 1 _aFay, Toby.
245 1 0 _aLabour ward rules /
_cToby Fay.
260 _aLondon :
_bBMJ Books,
_cc2001.
300 _a1 online resource (xx, 132 p.) :
_bill.
340 _gpolychrome
_2rdacc
_0http://rdaregistry.info/termList/RDAColourContent/1003
500 _aDescription based on print version record.
504 _aIncludes bibliographical references and index.
650 0 _aDelivery (Obstetrics)
_0http://id.loc.gov/authorities/subjects/sh85036582
650 0 _aLabor (Obstetrics)
_0http://id.loc.gov/authorities/subjects/sh85073636
650 0 _aHospitals
_0http://id.loc.gov/authorities/subjects/sh85062285
_xMarketing services
_xManagement.
776 0 8 _iPrint version:
_aFay, Toby.
_tLabour ward rules.
_dLondon : BMJ Books, c2001
_z0727916351
856 4 0 _uhttps://login.proxy.lib.duke.edu/login?url=http://www.netlibrary.com/urlapi.asp?action=summary&v=1&bookid=66705
942 _2lcc
_cBK